Regulácia v oblasti poskytovania finančných produktov v Slovenskej republike bakalárska práca

Salvato in:
Dettagli Bibliografici
Autore principale: Pašková, Erika
Ente Autore: Národohospodárska fakulta EU. Katedra ekonómie
Altri autori: Novák, Marcel, 1979-
Natura: Libro
Lingua:slovacco
Pubblicazione: Bratislava 2017
Tags: Aggiungi Tag
Nessun Tag, puoi essere il primo ad aggiungerne!!

MARC

LEADER 00000nbm a2200000 4500
001 0233708
005 20180306131311.1
041 0 |a slo 
044 |a SK 
245 1 0 |a Regulácia v oblasti poskytovania finančných produktov v Slovenskej republike  |b bakalárska práca  |c Erika Pašková ; školiteľ: Marcel Novák 
264 1 |a Bratislava  |c 2017 
300 |a 56 s. 
100 1 |a Pašková, Erika 
700 1 |a Novák, Marcel, 1979- 
710 2 |a Národohospodárska fakulta EU. Katedra ekonómie